[Event "SVK-chT2D 2122"]
[Site "Slovakia"]
[Date "2022.03.05"]
[Round "6.2"]
[White "Heinrich, Tomas"]
[Black "Juhar, Roman"]
[Result "1/2-1/2"]
[WhiteElo "2055"]
[BlackElo "2133"]
[PlyCount "79"]
[EventDate "2021.10.16"]
[EventType "team-tourn"]
[EventRounds "11"]
[EventCountry "SVK"]
[SourceTitle "EXT 2023"]
[Source "ChessBase"]
[SourceDate "2022.10.05"]
[SourceVersion "1"]
[SourceVersionDate "2022.10.05"]
[SourceQuality "1"]
[WhiteTeam "Moldava nad Bodvou"]
[BlackTeam "Kosice 1 CC"]
[WhiteTeamCountry "SVK"]
[BlackTeamCountry "SVK"]

1. d4 d5 2. Nf3 Nf6 3. c4 c6 4. Nc3 dxc4 5. a4 Nd5 6. g3 e6 7. Bg2 Nd7 8. 0-0 Be7 9. Nd2 N7b6 10. a5 Nxc3 11. bxc3 Nd5 12. Qc2 0-0 13. Nxc4 c5 14. e4 Nf6 15. Rd1 cxd4 16. cxd4 Bd7 17. Qb3 Rc8 18. Bf4 Be8 19. h3 Qd7 20. g4 h6 21. Ne5 Qb5 22. Qe3 Rc2 23. Bf1 Qb4 24. Bd3 Rc3 25. Rdb1 Rb3 26. Rxb3 Qxb3 27. Rb1 Qc3 28. Rxb7 Bd8 29. Rxa7 Bxa5 30. Bxh6 gxh6 31. Qxh6 Qe1+ 32. Kg2 Nxe4 33. Qf4 Qxf2+ 34. Qxf2 Nxf2 35. Rxa5 Nxd3 36. Nxd3 Bc6+ 37. Kf2 Rb8 38. Ra3 Rb1 39. Rc3 Bb5 40. Ne5 1/2-1/2

[Event "SVK-chT2D 1819"]
[Site "Slovakia"]
[Date "2018.11.17"]
[Round "3.4"]
[White "Heinrich, Tomas"]
[Black "Zrost, Rudolf"]
[Result "1-0"]
[WhiteElo "2027"]
[BlackElo "2007"]
[PlyCount "65"]
[EventDate "2018.10.13"]
[EventType "team-tourn"]
[EventRounds "11"]
[EventCountry "SVK"]
[SourceTitle "CBM 187 Extra"]
[Source "ChessBase"]
[SourceDate "2018.11.04"]
[SourceVersion "1"]
[SourceVersionDate "2018.11.04"]
[SourceQuality "1"]
[WhiteTeam "Moldava nad Bodvou"]
[BlackTeam "Spisska Nova Ves"]
[WhiteTeamCountry "SVK"]
[BlackTeamCountry "SVK"]

1. d4 Nf6 2. Nf3 d6 3. Bg5 Nbd7 4. Nc3 c6 5. e4 e5 6. Be2 Be7 7. 0-0 0-0 8. h3 Re8 9. dxe5 dxe5 10. a4 a5 11. Bc4 Qc7 12. Nh4 h6 13. Be3 Nc5 14. Qf3 Be6 15. Bxe6 Nxe6 16. Nf5 Nf4 17. Rad1 Bf8 18. Rfe1 Re6 19. Ne2 Ng6 20. g4 Ne7 21. Neg3 Kh7 22. h4 g6 23. Nxe7 Qxe7 24. Kg2 Bg7 25. g5 Ng8 26. Rd2 Qf8 27. Red1 Rae8 28. Rd7 f5 29. exf5 e4 30. fxg6+ Rxg6 31. Qxf8 Rxf8 32. Rxb7 hxg5 33. hxg5 1-0

[Event "SVK-chT2D 1617"]
[Site "Slovakia"]
[Date "2017.03.12"]
[Round "11.3"]
[White "Pacholsky, Martin"]
[Black "Heinrich, Tomas"]
[Result "1/2-1/2"]
[WhiteElo "1987"]
[BlackElo "1980"]
[PlyCount "82"]
[EventDate "2016.10.08"]
[EventType "team-tourn"]
[EventRounds "11"]
[EventCountry "SVK"]
[SourceTitle "EXT 2019"]
[Source "ChessBase"]
[SourceDate "2018.10.10"]
[SourceVersion "1"]
[SourceVersionDate "2018.10.10"]
[SourceQuality "1"]
[WhiteTeam "Margecany II"]
[BlackTeam "Kosice Dynamo"]
[WhiteTeamCountry "SVK"]
[BlackTeamCountry "SVK"]

1. e4 c6 2. d4 d5 3. exd5 cxd5 4. Bd3 Nc6 5. c3 g6 6. Bf4 Bg7 7. Nf3 Nf6 8. Nbd2 0-0 9. 0-0 Nh5 10. Be5 f6 11. Bg3 Nxg3 12. hxg3 e5 13. dxe5 fxe5 14. Bb5 e4 15. Nh2 a6 16. Ba4 Ne5 17. Bb3 Kh8 18. Qe2 Nd3 19. Rab1 b5 20. Bc2 Qb6 21. Nb3 Ne5 22. Nd4 Bb7 23. Rbd1 Rae8 24. Ng4 Nxg4 25. Qxg4 b4 26. Bb3 bxc3 27. bxc3 Bc8 28. Qe2 Qc5 29. Qd2 Bg4 30. Rc1 h5 31. Qg5 Re5 32. Qe3 Qd6 33. c4 dxc4 34. Rxc4 Ree8 35. Ne2 Qd3 36. Nf4 Qxe3 37. Nxg6+ Kg8 38. fxe3 Rxf1+ 39. Kxf1 Kh7 40. Nf4 a5 41. Rc5 Re5 1/2-1/2

[Event "SVK-chT2D 14/15"]
[Site "Slovakia"]
[Date "2015.02.01"]
[Round "7.5"]
[White "Heinrich, Tomas"]
[Black "Milder, Ladislav"]
[Result "0-1"]
[WhiteElo "2025"]
[BlackElo "2032"]
[PlyCount "64"]
[EventDate "2014.10.11"]
[EventType "team-tourn"]
[EventRounds "11"]
[EventCountry "SVK"]
[SourceTitle "EXT 2019"]
[Source "ChessBase"]
[SourceDate "2018.10.10"]
[SourceVersion "1"]
[SourceVersionDate "2018.10.10"]
[SourceQuality "1"]
[WhiteTeam "Moldava nad Bodvou"]
[BlackTeam "Kosice Slavia UPJS III"]
[WhiteTeamCountry "SVK"]
[BlackTeamCountry "SVK"]

1. d4 Nf6 2. Nf3 g6 3. Bg5 Bg7 4. c3 d6 5. Nbd2 Nbd7 6. e3 0-0 7. Bd3 b6 8. 0-0 Bb7 9. Qb3 Qc8 10. Rfe1 c5 11. Rac1 Re8 12. e4 e6 13. Bb1 h6 14. Bf4 e5 15. Bg3 Nh5 16. a4 Nxg3 17. hxg3 Qd8 18. Ba2 Qf6 19. Qb5 Nf8 20. dxe5 dxe5 21. Bd5 Bxd5 22. exd5 Qd6 23. c4 f5 24. Nf1 Re7 25. Re2 Rae8 26. b4 cxb4 27. c5 bxc5 28. Rxc5 Rb8 29. Qc4 Kh7 30. Rc6 Qd7 31. d6 Re6 32. Rd2 Qd8 0-1